000 00268nam a22001097a 4500
082 _a001/NAT
100 _aDr (CDS) N K, Natarajan
_982955
245 _aSSB Interview the complete guide
260 _aMumbai
_bJaico Publishing House
_c2024
650 _aG.S
942 _cBK
999 _c67705
_d67705